008650000a22002050004500090001400000245016600014650002300180650002800203650003000231650003500261651002800296041001400324700002700338700002800365100002300393942001300416773005700429999001500486952015800501 aARb0065510aProducción, descomposición, flujo de materia orgánica y diversidad en una sabana de banco del módulo experimental de mantecal ()14aFenología99280714aDescomposición91439114aCiclo de nutrientes9753614aDisturbios antrópicos993298 4dApurepVenezuela9927490 aEspañol1 aMiranda, Rafael9937761 aPacheco, Jesús9937771 aBulla, Luis993778 cARTICULO1 tActa Científica Venezolana3254h31q331-338d1980 c9747d9747 001040718HEMEROTECAaBogotabBogotad2015-02-27hFuera de circulaciónl0oAR 00655p010971r2015-03-25 00:00:00t1w2015-03-25xDonaciónyARTICULO